000
003260000a22001450004500
060
_a
100
082
_a
636.082 BRI
100
_a
Briggs, Hilton M
245
_a
Modern breeds of livestock
260
_a
Newyork, The macmillan Co
260
_c
1958
300
_a
754
650
_a
Cattle breeds / hog breeds
942
_c
BK
999
_c
353243
_d
353243